| 000 | 01731nam a22003497a 4500 | ||
|---|---|---|---|
| 999 |
_c8094 _d8094 |
||
| 005 | 20200203162336.0 | ||
| 008 | 140117b2013 ck ||||| ||||o00| 0 spa d | ||
| 020 | _a9789589351895 | ||
| 040 |
_aCO-BoIAVH _cCO-BoIAVH |
||
| 041 | 0 | _aspa | |
| 044 | _ack | ||
| 082 | 0 | 4 |
_a622.0986 _bC76m1 |
| 245 | 0 | 0 |
_aMinería en Colombia : _bderechos, políticas públicas y gobernanza / _cLuis Jorge Garay ..[et al.] |
| 260 |
_aBogotá _bContraloría General de la República _c2013. |
||
| 300 |
_a211 p. _bil., tablas, mapas _c25 cm. |
||
| 504 | _aIncluye referencias bibliográficas e índice. | ||
| 505 | _aIntroducción. Globaización/glocalización, soberanía y gobernanza. A propósito del cambio climático y extractivismo minero. (pag. 9) | ||
| 505 | _aCap. 1 Derechos, minería y conflictos. Aspectos normativos. (pag. 23) | ||
| 505 | _aCap. 2 Minería, conflicto armado y despojo de tierras: impactos, desafíos y posibles soluciones jurídicas. (pag. 57) | ||
| 505 | _aCap. 3 Implicaciones ambientales y sociales del modelo extractivista en Colombia (pag. 89) | ||
| 505 | _aCap. 4 Participación del estado y la sociedad en la renta minera (pag. 125) | ||
| 505 | _aCap. 5 Propuestas para recuperar la gobernanza del sector minero colombiano (pag. 177) | ||
| 650 | 1 | 4 |
_aGeopolítica _zColombia _9102535 |
| 650 | 2 | 4 |
_aTerritorio nacional _zColombia _9102536 |
| 650 | 2 | 4 |
_aPolítica minera _zColombia _9102537 |
| 650 | 2 | 4 |
_aDerecho minero _xLegislación _zColombia _9102538 |
| 650 | 2 | 4 |
_aLuchas sociales _zColombia _9102539 |
| 700 | 1 |
_aGaray-Salamanca, Luis Jorge _eDir. Proyecto _9102540 |
|
| 700 | 1 |
_aCabrera-Leal, Mauricio _eEd. _9102541 |
|
| 700 | 1 |
_aEspitia-Zamora, Jorge Enrique _eEd- _9102542 |
|
| 942 |
_2ddc _cLIBRO |
||